00644nam a2200181 i 450000100060000000300090000600500170001500700030003200800410003510000320007624500700010825000160017826000680019430000310026285200310029399900170032495201210034174702ES-MaACL20230906172223.0t|040920s1949 sp ||||1| spa d1 aGordo Moreno, Angel.95915210aCantos de amor y de dolor de España / cpor Angel Gordo Moreno. a4ªed. aum. aAlcalá de Henares : b[s.n., c1949] (fTall. Penitenciarios) a92 p., 1 lám. ; c20 cm. aES-MaACLjD-8287 bR.33084 c74702d74702 00104070aATENEOMbATENEOMcSVId2008-01-17eSCl0oD-8287p901078198r2023-02-23 00:00:00w2023-02-23yMONOGRAFIA